Vrai ou Faux : Culture Générale - Statistiques

Statistiques générales
  • Ce quiz a été pris 158 fois
    12 depuis la dernière actualisation
  • Le résultat moyen est 16 sur 25
Statistiques - réponses
Question Réponse % Correct
Les dinosaures ont régné sur la Terre pendant environ 165 millions d’années, alors que les humains modernes existent depuis moins de 0,1 % de ce temps. Vrai
100%
Il y a 64 cases sur un échiquier. Vrai
100%
Il existe un roman de près de 300 pages sans la lettre en E. Vrai
100%
Le Kurdistan est un pays. Faux
88%
Squeezie a atteint les 20 millions d'abonnés. Vrai
88%
Dans le jeu vidéo "Brawl Stars", il est possible de collecter des points de pouvoir dans les prix Starr. Vrai
88%
La laie est la femelle du sanglier. Vrai
88%
La fête nationale belge se célèbre le 21 Juillet. Vrai
88%
Les éclairs ne frappent jamais deux fois au même endroit. Faux
75%
Nelson Mandela est mort en prison. Faux
75%
La capitale de l'Australie est Sydney. Faux
63%
"La soupe aux choux" est le dernier film dans lequel Louis de Funès a joué. Faux
63%
Le terme "à l'instar de" signifie "contrairement à". Faux
63%
La première coupe du monde de football s'est déroulée en Argentine. Faux
63%
Dans la saga Harry Potter, il y a 8 films. Vrai
63%
Dans la bande dessinée d'Astérix, Obélix est livreur de menhir. Vrai
63%
Les chauves-souris sont aveugles. Faux
50%
La superficie de Shanghai est plus petite que celle de Singapour. Faux
50%
Les éléphants sont les seuls animaux, en dehors des humains, qui peuvent pleurer des larmes de tristesse. Faux
50%
La paraskevidékatriaphobie est la phobie du Vendredi 13. Vrai
50%
Le seul pays dont le drapeau n'est pas rectangle est celui du Népal. Vrai
38%
Les guerres puniques sont au nombre de 3. Vrai
38%
Le continent comprenant le moins de pays est l'Océanie. Faux
25%
Les pommes contiennent du cyanure. Faux
13%
Le mur de Berlin séparait l'Allemagne. Faux
13%
Aucun quiz correspondant
Distribution des résultats
% des personnes avec chaque résultat
Percentile par nombre de réponses
Votre historique - résultats
Vous n’avez pas pris ce quiz depuis la dernière actualisation